000 00571nam a2200205 a 4500
001 6633
003 CO-ViMGA
008 141112s2004 ck r 000 u spa d
040 _aCO-ViMGA
_bspa
_cCO-ViMGA
082 0 4 _a649.1 N683
100 1 _aNovelo, Geraldine
_95509
245 1 0 _aIntroducción al crecimiento y desarrollo del niño
250 _a2a
260 _aMexico :
_bTrillas,
_c1990
300 _a108 p : il
490 _aBiblioteca universitaria básica
650 1 4 _aDERECHO INFANTIL
_95510
650 1 4 _aNIÑOS - CUIDADO E HIGIENE
_98073
942 _2ddc
_cBK
999 _c18602
_d18602